SIGGRAPH video review. Issue 147, SIGGRAPH 2004. Electronic theater program

Συλλογή 16 φιλμς μικρού μήκους τα οποία παρουσιάζουν τις τρέχουσες εξελίξεις στα κινούμενα σχέδια

Αποθηκεύτηκε σε:
Λεπτομέρειες βιβλιογραφικής εγγραφής
Συλλογικό Έργο: SIGGRAPH, Association for Computing Machinery
Μορφή: Διαφάνειες
Γλώσσα:English
Δημοσίευση: New York, N.Y. : ACM, [2004]
Θέματα:
Ετικέτες: Προσθήκη ετικέτας
Δεν υπάρχουν, Καταχωρήστε ετικέτα πρώτοι!

MARC

LEADER 00000 gm a2200000 i 4500
001 1/44232
008 070514s2004 us g eng d
020 |a 1-58113-900-4 
035 |l 10087810 
040 |a GR-MY-UA  |b gre  |e aacr 
041 0 |a eng 
082 0 |a 776.6  |2 (22) 
110 2 |a SIGGRAPH. 
245 1 0 |a SIGGRAPH video review.  |n Issue 147,  |p SIGGRAPH 2004. Electronic theater program  |h [μαγνητοσκόπηση] 
246 3 3 |a Electronic theater program 
246 3 3 |a SIGGRAPH 2004. Electronic theater program 
260 |a New York, N.Y. :   |b ACM,   |c [2004] 
300 |a 1 βιντεοδίσκος (π. 84 λεπτ.);  |b ομίλ., έγχρ.;  |c 4 3/4 ίν.+  |e 1 βιβλιαράκι 
505 0 |a 1. Cortex academy (2:22) / Frederic Mayer, Cedric Jeanne2. Rock the world (2:35)3. Birthday boy (7:54) / Sejong Park4. Bob and Sam: episode 1 (1:25) / Jason Guerrero5. Rockfish (8:28) / Tim Miller6. Attack of the note sheep (1:17)7. )Parenthese( (6:13) / F. Blondeau, T. Deloof, J. Droulers, C. Stampe8. Annie & Boo (2:00) / Johannes Wieland9. Output-sensitive colllision processing for reduced-coordinate deformable models (1:53) / Doug L. James10. Gratuitous goop (0:55) / James F. O'Brien11. The edge of history (2:36) / Michael Starobin12. El Desvan (19:08) / Jose Corral13. Frank (1:45) / Taruto Fuyama14. PGi-13 (4:00)15. Go to sleep (5:21) / Alex Rutterford16. Ryan (an excerpt) (7:47) / Chris LandrethSIGGRAPH 2004 papers preview (3:10) / Samuel Lord Black, Erica Milsom, Joe MarksComputer animation festival (media) trailer (2:30) / Chris Bregler, Clilly Castiglia, Kevin FeeleyAnimation theater trailer (2:45) / Anezka Sebek 
520 |a Συλλογή 16 φιλμς μικρού μήκους τα οποία παρουσιάζουν τις τρέχουσες εξελίξεις στα κινούμενα σχέδια 
650 0 0 |a Computer animation. 
650 0 0 |a Computer graphics. 
650 0 0 |a Animated films. 
650 0 0 |a Short films. 
710 2 |a Association for Computing Machinery. 
852 |a INST  |b SYROS  |c AV  |e 20070514  |h 776.6 SIG  |p 005500007373  |q 005500007373  |t DVD  |y 23 
901 |a BIBL5-2007-1 
909 |a Ε  |b 129690 
920 |a ΑΝΑΜΟΡΦΩΣΗ  |b ΕΠΕΑΕΚ ΙΙ-ΤΜΣΠΣ  |y ΣΥΡΟΣ  |z 2006-06 
970 |a ΚΟΝΤΟΥ  |b ΠΑΡΑΣΚΕΥΗ  |z 2007/05/14